000 00568nam a22001817a 4500
005 20250225073950.0
008 250225b |||||||| |||| 00| 0 eng d
020 _a0702125679
041 _aEnglish
082 _a346.43 JON
100 _aNel HS
_cAttorney, Notary and Conveyancer
_lEnglish
245 _aJones Conveyancing in South Africa /
_cHS Nel
250 _aFourth Edition
260 _aCape Town:
_bJuta and Company Ltd,
_c1991
300 _bxviii, 552 pages;
_c25 cm.
650 _aLegal practice
_bLaw
942 _cBK
_6ALISON_BN_VRIES
999 _c3292
_d3292